Metal Subgenres - Statistics

General Stats
  • This quiz has been taken 78 times
  • The average score is 11 of 15
Answer Stats
Bands Subgenre % Correct
Korn, Slipknot, Limp Bizkit Nu Metal
100%
Cannibal Corpse, Morbid Angel, Deicide Death Metal
97%
Black Sabbath, Iron Maiden, Judas Priest Heavy Metal
92%
Mayhem, Bathory, Emperor Black Metal
90%
Metallica, Megadeth, Slayer Thrash Metal
90%
Helloween, Dragonforce, Sabaton Power Metal
84%
Van Halen, Def Leppard, Kiss Glam Metal
80%
Killswitch Engage, Spiritbox, Bring Me the Horizon Metalcore
72%
Candlemass, Pentagram, Trouble Doom Metal
70%
Opeth, Dream Theater, Queensrÿche Progressive Metal
70%
Ministry, Fear Factory, Nine Inch Nails Industrial Metal
69%
Type O Negative, Paradise Lost, Lacuna Coil Gothic Metal
64%
Pantera, Sepultura, Lamb of God Groove Metal
61%
Acid Bath, Eyehategod, Melvins Sludge Metal
57%
Guttural Slug, Peeling Flesh, Devourment Slam Metal
51%
No matching quizzes found
Score Distribution
Percent of People with Each Score
Percentile by Number Answered
Your Score History
You have not taken this quiz